Комплексный подход к повышению надежности работы автономных источников энерго-снабжения удаленных линейных объектов единой системы газоснабжения России; Теплофизические основы энергетических технологий

Detaylı Bibliyografya
Parent link:Теплофизические основы энергетических технологий.— 2013.— [С. 70-73]
Yazar: Высокоморный В. С. Владимир Сергеевич
Kurumsal yazarlar: Национальный исследовательский Томский политехнический университет (ТПУ) Энергетический институт (ЭНИН) Кафедра автоматизации теплоэнергетических процессов (АТП), Национальный исследовательский Томский политехнический университет (ТПУ) Энергетический институт (ЭНИН) Кафедра теоретической и промышленной теплотехники (ТПТ)
Diğer Yazarlar: Высокоморная О. В. Ольга Валерьевна, Стрижак П. А. Павел Александрович
Özet:Заглавие с экрана
Dil:Rusça
Baskı/Yayın Bilgisi: 2013
Seri Bilgileri:Техническая теплофизика и атомная энергетика
Konular:
Online Erişim:http://earchive.tpu.ru/handle/11683/70201
http://www.lib.tpu.ru/fulltext/c/2013/C02/016.pdf
Materyal Türü: Elektronik Kitap Bölümü
KOHA link:https://koha.lib.tpu.ru/cgi-bin/koha/opac-detail.pl?biblionumber=607780

MARC

LEADER 00000naa2a2200000 4500
001 607780
005 20260312145220.0
035 |a (RuTPU)RU\TPU\conf\5186 
035 |a RU\TPU\conf\5183 
090 |a 607780 
100 |a 20140901d2013 k y0rusy50 ca 
101 0 |a rus 
102 |a RU 
135 |a drcn ---uucaa 
181 0 |a i  
182 0 |a b 
200 1 |a Комплексный подход к повышению надежности работы автономных источников энерго-снабжения удаленных линейных объектов единой системы газоснабжения России  |f В. С. Высокоморный, О. В. Высокоморная, П. А. Стрижак 
203 |a Текст  |c электронный 
215 |a 1 файл (344 Кб) 
225 1 |a Техническая теплофизика и атомная энергетика 
300 |a Заглавие с экрана 
320 |a [Библиогр.: с. 73 (3 назв.)] 
337 |a Adobe Reader 
463 1 |0 (RuTPU)RU\TPU\conf\4555  |t Теплофизические основы энергетических технологий  |o сборник научных трудов IV Всероссийской научно-практической конференции с международным участием, 10-12 октября 2013 г., Томск  |f Национальный исследовательский Томский политехнический университет (ТПУ), Энергетический институт (ЭНИН) ; под ред. Кузнецова [и др.]  |v [С. 70-73]  |d 2013 
610 1 |a электронный ресурс 
610 1 |a труды учёных ТПУ 
610 1 |a комплексный подход 
610 1 |a надежность 
610 1 |a автономные источники 
610 1 |a энергоснабжение 
610 1 |a линейные объекты 
610 1 |a единая система 
610 1 |a газоснабжение 
610 1 |a Россия 
700 1 |a Высокоморный  |b В. С.  |c специалист в области теплоэнергетики, экономист-менеджер  |c Директор Инженерной школы новых производственных технологий ТПУ, кандидат технических наук  |f 1984-  |g Владимир Сергеевич  |3 (RuTPU)RU\TPU\pers\30302  |9 14648 
701 1 |a Высокоморная  |b О. В.  |c физик  |c доцент Томского политехнического университета, кандидат физико-математических наук   |f 1984-  |g Ольга Валерьевна  |3 (RuTPU)RU\TPU\pers\26480  |9 12182 
701 1 |a Стрижак  |b П. А.  |c специалист в области теплоэнергетики  |c профессор Томского политехнического университета, доктор физико-математических наук  |f 1985-  |g Павел Александрович  |3 (RuTPU)RU\TPU\pers\25983  |9 11832 
712 0 2 |a Национальный исследовательский Томский политехнический университет (ТПУ)  |b Энергетический институт (ЭНИН)  |b Кафедра автоматизации теплоэнергетических процессов (АТП)  |3 (RuTPU)RU\TPU\col\18678 
712 0 2 |a Национальный исследовательский Томский политехнический университет (ТПУ)  |b Энергетический институт (ЭНИН)  |b Кафедра теоретической и промышленной теплотехники (ТПТ)  |3 (RuTPU)RU\TPU\col\18679 
801 1 |a RU  |b 63413507  |c 20101016 
801 2 |a RU  |b 63413507  |c 20220321  |g RCR 
856 4 |u http://earchive.tpu.ru/handle/11683/70201 
856 4 |u http://www.lib.tpu.ru/fulltext/c/2013/C02/016.pdf 
942 |c BK